| 000 | 00526nam a2200181 i 4500 | ||
|---|---|---|---|
| 001 | 79588 | ||
| 003 | ES-MaACL | ||
| 005 | 20230906174018.0 | ||
| 007 | t| | ||
| 008 | 041022s1914 sp ||||1| spa d | ||
| 100 | 1 |
_aHerrera, Adolfo. _963179 |
|
| 245 | 1 | 3 |
_aEl duro / _cpor Adolfo Herrera. |
| 260 |
_aMadrid : _b[s.n.], _c1914 ( _fJ. Lacoste) |
||
| 300 |
_a2 v. ; _c33 cm. |
||
| 500 | _aPrece al tít.: Real Academia de la Historia. | ||
| 710 | 2 |
_aReal Academia de la Historia (España) _96309 |
|
| 852 |
_aES-MaACL _jG-6355-6 |
||
| 999 |
_c79588 _d79588 |
||